000 00906 a2200241 4500
005 20250618103510.0
020 _a9780198848011
050 0 0 _aKJA 147
_bPLE 2020
100 1 _aPlessis, Paul J. du,
_eauthor.
245 1 0 _aBorkowski's textbook on Roman law /
_cPaul J. du Plessis.
250 _aSixth edition.
264 1 _aOxford, United Kingdom :
_bOxford University Press,
_c2020.
300 _axiii, 422 pages :
_billustrations ;
336 _atext
_btxt
_2rdacontent
337 _aunmediated
_bn
_2rdamedia
338 _avolume
_bnc
_2rdacarrier
500 _aPrevious edition: 2015.
504 _aIncludes bibliographical references and index.
650 0 _aRoman law.
700 1 _aBorkowski, J. A.
_q(J. Andrew)
_tTextbook on Roman law.
942 _2lcc
_cBK
_esixth edition
_h147
_iPLE
_kKJA
999 _c11596
_d11596